=LDR 00000nam 2200000 4500 =001 INLIS000000000039536 =005 20241112024039 =035 ##$$a 0010-061300000039536 =008 241112################g##########0#ind## =041 ##$$a Ind =082 ##$$a 658.404 =090 ##$$a 658.404, Her m =100 ##$$a Heryanto, Iman =245 1#$$a Manajemen Proyek Berbasia Teknologi Informasi /$c Imam Haryanto =260 ##$$a Bandung :$b Informatika,$c 2009 =300 ##$$a 594 Hlm. : $b ilus. ; $c 14x21 cm. =850 ##$$a NBPNMAT =020 ##$$a 978-979-1153-75-1 =084 ##$$a 658.404 HER m =650 #4$$a Manajemen Proyek =990 ##$$a 27542754 =990 ##$$a 21108113